[Event "Sachsen-Anhalt Verbandsliga 1920"]
[Site "Sachsen Anhalt"]
[Date "2020.10.17"]
[Round "8.4"]
[White "Haertig, Jens"]
[Black "Kirmas, Joachim"]
[Result "1/2-1/2"]
[WhiteElo "2108"]
[BlackElo "1876"]
[PlyCount "97"]
[EventDate "2019.09.29"]
[EventType "team-tourn"]
[EventRounds "9"]
[EventCountry "GER"]
[SourceTitle "EXT 2023"]
[Source "ChessBase"]
[SourceDate "2022.10.05"]
[SourceVersion "1"]
[SourceVersionDate "2022.10.05"]
[SourceQuality "1"]
[WhiteTeam "Naumburg"]
[BlackTeam "Halle USV II"]
[WhiteTeamCountry "GER"]
[BlackTeamCountry "GER"]

1. c4 d5 2. cxd5 Nf6 3. Nf3 Nxd5 4. d4 e6 5. e4 Bb4+ 6. Nbd2 Nb6 7. a3 Be7 8. Be2 0-0 9. 0-0 c5 10. dxc5 Bxc5 11. b4 Be7 12. Bb2 Bd7 13. Rc1 Na4 14. Ba1 a5 15. b5 Nc5 16. a4 b6 17. Qc2 Ra7 18. Rfd1 Bc8 19. Nc4 Rd7 20. Nfe5 Rxd1+ 21. Rxd1 Qc7 22. f3 f6 23. Ng4 Rd8 24. Nge3 Rxd1+ 25. Qxd1 Qd8 26. Kf1 Qc7 27. g3 Nbd7 28. Ng4 h5 29. Nge3 h4 30. Kg2 hxg3 31. hxg3 Nf8 32. e5 Ng6 33. exf6 gxf6 34. Ng4 e5 35. Nce3 Bd8 36. Qc2 Kg7 37. Bc4 Qd6 38. Be2 Be6 39. Bc4 Ne7 40. Bxe6 Qxe6 41. Nc4 Nd5 42. Bb2 Nb4 43. Qc1 Qf5 44. Qh6+ Kg8 45. Ncxe5 fxe5 46. Bxe5 Qc2+ 47. Kg1 Qb1+ 48. Kg2 Qc2+ 49. Kg1 1/2-1/2

[Event "MVP-ch Seniors op 19th"]
[Site "Ostseebad Binz"]
[Date "2019.12.03"]
[Round "7"]
[White "Jacob, Helmut"]
[Black "Kirmas, Joachim"]
[Result "1-0"]
[WhiteElo "2124"]
[BlackElo "1985"]
[PlyCount "73"]
[EventDate "2019.11.27"]
[EventType "swiss"]
[EventRounds "9"]
[EventCountry "GER"]
[SourceTitle "EXT 2021"]
[Source "ChessBase"]
[SourceDate "2020.10.23"]
[SourceVersion "1"]
[SourceVersionDate "2020.10.23"]
[SourceQuality "1"]

1. e4 e5 2. Nf3 Nc6 3. Nc3 Nf6 4. d4 Bb4 5. Nxe5 Qe7 6. Qd3 Nxe5 7. dxe5 Qxe5 8. Bd2 0-0 9. 0-0-0 d6 10. f3 Bd7 11. Kb1 a6 12. g4 Bc6 13. h4 Rad8 14. Bg2 Qg3 15. Ne2 Qxg2 16. Bxb4 Qf2 17. Rdf1 Qb6 18. Bd2 d5 19. Be3 Qb4 20. e5 Nd7 21. Bd2 Qe7 22. f4 Nc5 23. Qa3 Rfe8 24. Bb4 b6 25. Nd4 Bb5 26. Re1 Rd7 27. f5 Bc4 28. e6 Rd6 29. Bxc5 bxc5 30. Qxc5 fxe6 31. fxe6 g6 32. b3 Bb5 33. a4 Bxa4 34. Rhf1 Bb5 35. Rf7 Qxh4 36. Nf3 Qd8 37. Qd4 1-0

[Event "MVP-ch Seniors op 19th"]
[Site "Ostseebad Binz"]
[Date "2019.11.30"]
[Round "4"]
[White "Kirmas, Joachim"]
[Black "Schulz, Gerhard"]
[Result "1-0"]
[WhiteElo "1985"]
[BlackElo "1863"]
[PlyCount "83"]
[EventDate "2019.11.27"]
[EventType "swiss"]
[EventRounds "9"]
[EventCountry "GER"]
[SourceTitle "EXT 2021"]
[Source "ChessBase"]
[SourceDate "2020.10.23"]
[SourceVersion "1"]
[SourceVersionDate "2020.10.23"]
[SourceQuality "1"]

1. e4 e6 2. d4 d5 3. Nd2 dxe4 4. Nxe4 Nd7 5. Bd3 Ngf6 6. Qe2 Be7 7. Nf3 0-0 8. c3 b6 9. 0-0 Bb7 10. Re1 Nxe4 11. Bxe4 Bxe4 12. Qxe4 Nf6 13. Qh4 h6 14. Ne5 Nd7 15. Qg4 Nxe5 16. Rxe5 Kh7 17. Rh5 f5 18. Qe2 Rf6 19. Bg5 Rg6 20. Bxe7 Qxe7 21. Rxf5 Qd7 22. Re5 Rf8 23. Re1 Qc6 24. Qe4 Qxe4 25. R1xe4 Rff6 26. h4 a5 27. h5 Rg5 28. Rxe6 Rxe6 29. Rxe6 Rxh5 30. Re5 Rxe5 31. dxe5 Kg6 32. f4 Kf5 33. Kf2 h5 34. Kg3 g5 35. fxg5 Kxg5 36. e6 Kf6 37. Kh4 Kxe6 38. Kxh5 Kf5 39. g4+ Kf6 40. Kh6 Kf7 41. g5 Kg8 42. Kg6 1-0

[Event "Sachsen-Anhalt Verbandsliga 1920"]
[Site "Sachsen Anhalt"]
[Date "2019.09.29"]
[Round "1.6"]
[White "Dubbratz, Frank"]
[Black "Kirmas, Joachim"]
[Result "1/2-1/2"]
[WhiteElo "1885"]
[BlackElo "1876"]
[PlyCount "31"]
[EventDate "2019.09.29"]
[EventType "team-tourn"]
[EventRounds "9"]
[EventCountry "GER"]
[SourceTitle "EXT 2023"]
[Source "ChessBase"]
[SourceDate "2022.10.05"]
[SourceVersion "1"]
[SourceVersionDate "2022.10.05"]
[SourceQuality "1"]
[WhiteTeam "Graefenhainichen"]
[BlackTeam "Halle USV II"]
[WhiteTeamCountry "GER"]
[BlackTeamCountry "GER"]

1. e4 e5 2. Nf3 Nc6 3. Bc4 Bc5 4. c3 Nf6 5. d3 0-0 6. 0-0 d5 7. exd5 Nxd5 8. b4 Be7 9. h3 Bf6 10. Bb2 Bf5 11. Nbd2 Nb6 12. Nb3 Nxc4 13. dxc4 Bd3 14. Re1 Bxc4 15. Nc5 b6 16. Nd7 1/2-1/2

[Event "Sachsen-Anhalt Landesliga B 18/19"]
[Site "Sachsen Anhalt"]
[Date "2018.09.23"]
[Round "1.4"]
[White "Schneider, Jens Erik"]
[Black "Kirmas, Joachim"]
[Result "1-0"]
[WhiteElo "2026"]
[BlackElo "1892"]
[PlyCount "183"]
[EventDate "2018.09.23"]
[EventType "team-tourn"]
[EventRounds "9"]
[EventCountry "GER"]
[SourceTitle "EXT 2022"]
[Source "ChessBase"]
[SourceDate "2021.10.06"]
[SourceVersion "1"]
[SourceVersionDate "2021.10.06"]
[SourceQuality "1"]
[WhiteTeam "Dessau II"]
[BlackTeam "Halle USV III"]
[WhiteTeamCountry "GER"]
[BlackTeamCountry "GER"]

1. d4 Nf6 2. c4 e5 3. d5 d6 4. Nc3 g6 5. e4 Bg7 6. Bd3 0-0 7. h3 Nbd7 8. Be3 a5 9. Nge2 Nc5 10. Bc2 Ne8 11. g4 Qh4 12. Qd2 Qe7 13. Ng3 Bd7 14. f3 Qh4 15. Kf2 h6 16. Kg2 Kh7 17. Raf1 Qe7 18. h4 Rb8 19. a4 Ra8 20. h5 g5 21. Nf5 Qd8 22. Qf2 Na6 23. b3 Nb4 24. Bb1 b6 25. Rd1 Rc8 26. Rd2 Nf6 27. Nb5 Ne8 28. Rc1 Na6 29. Kg3 Rb8 30. Rdd1 Nb4 31. Bd2 Na6 32. Bc3 Nc5 33. Bc2 Nb7 34. Bd2 Nc5 35. Be3 Na6 36. Bb1 Nb4 37. Qe1 Rb7 38. Rd2 Rb8 39. Qf2 Rb7 40. Re2 Rb8 41. Qe1 Na6 42. Bd2 Nc5 43. Bc2 Ra8 44. Rb1 Nf6 45. Qc1 Na6 46. Qa3 Re8 47. Rbe1 Bf8 48. Qb2 Nc5 49. Qc1 Na6 50. Bc3 Nc5 51. Bb2 Na6 52. Ba3 Rc8 53. Qd2 Ra8 54. Bd3 Bxf5 55. exf5 Kg7 56. Be4 Nd7 57. Rb1 f6 58. Qc3 Ndc5 59. Ra2 Qd7 60. Qd2 Rec8 61. Nc3 Nxe4+ 62. fxe4 Nc5 63. Kf3 Be7 64. Qd1 Ra6 65. Rba1 Bf8 66. Qc2 Be7 67. Nd1 Re8 68. Nf2 Kf7 69. Nd3 Bf8 70. Bb2 Be7 71. Bc3 Bf8 72. Nb2 Be7 73. b4 axb4 74. Bxb4 Nb7 75. Qc3 Na5 76. Ra3 Rc8 77. Bxa5 Rxa5 78. Rb3 Rca8 79. Rb5 Bd8 80. Ra3 c6 81. Rxa5 bxa5 82. Qd3 Rb8 83. Rb3 Rxb3 84. Qxb3 cxd5 85. cxd5 Qc7 86. Nc4 Qc5 87. Qb5 Qxb5 88. axb5 a4 89. Ke3 Ke7 90. Kd3 Kd7 91. Kc3 Kc8 92. Nxd6+ 1-0

[Event "MVP-ch Seniors op 16th"]
[Site "Binz"]
[Date "2016.12.01"]
[Round "9.22"]
[White "Kirmas, Joachim"]
[Black "Fleischer, Martin"]
[Result "1-0"]
[WhiteElo "2017"]
[BlackElo "1936"]
[PlyCount "109"]
[EventDate "2016.11.23"]
[EventType "swiss"]
[EventRounds "9"]
[EventCountry "GER"]
[SourceTitle "EXT 2018"]
[Source "ChessBase"]
[SourceDate "2017.10.13"]
[SourceVersion "1"]
[SourceVersionDate "2017.10.13"]
[SourceQuality "1"]

1. e4 e6 2. d4 d5 3. e5 c5 4. c3 Nc6 5. Nf3 Bd7 6. dxc5 Bxc5 7. b4 Bb6 8. b5 Na5 9. Bd3 Bc5 10. 0-0 Qb6 11. a4 Ne7 12. Nbd2 g6 13. Nb3 Rc8 14. Nxc5 Qxc5 15. Bb2 Nc4 16. Bxc4 Qxc4 17. Nd2 Qf4 18. Qe2 0-0 19. Ra3 Rc7 20. Bc1 Rfc8 21. g3 Qf5 22. Qe3 b6 23. Nf3 Qe4 24. Qxe4 dxe4 25. Nd2 Rxc3 26. Rxc3 Rxc3 27. Nxe4 Rc7 28. Ba3 Nd5 29. Rd1 Kg7 30. Rc1 Rxc1+ 31. Bxc1 h6 32. Ba3 g5 33. Bd6 Kg6 34. f3 f5 35. exf6 Nxf6 36. Nc3 Bc8 37. Bb8 a6 38. Bc7 Nd5 39. Nxd5 exd5 40. bxa6 Bxa6 41. Bxb6 h5 42. Kf2 Kf5 43. Ke3 g4 44. f4 Bb7 45. Bc7 Ke6 46. a5 Kd7 47. Be5 Kc6 48. f5 Kc5 49. Bd4+ Kd6 50. Kf4 Bc6 51. a6 Kc7 52. Ke5 Kd7 53. Kf6 Kd6 54. Kg7 Kc7 55. f6 1-0

[Event "MVP-ch Seniors op 16th"]
[Site "Binz"]
[Date "2016.11.29"]
[Round "7.8"]
[White "Kirmas, Joachim"]
[Black "Weidlich, Guenter"]
[Result "1/2-1/2"]
[WhiteElo "2017"]
[BlackElo "2219"]
[PlyCount "85"]
[EventDate "2016.11.23"]
[EventType "swiss"]
[EventRounds "9"]
[EventCountry "GER"]
[SourceTitle "EXT 2018"]
[Source "ChessBase"]
[SourceDate "2017.10.13"]
[SourceVersion "1"]
[SourceVersionDate "2017.10.13"]
[SourceQuality "1"]

1. e4 g6 2. d4 Bg7 3. Nc3 c6 4. Nf3 d6 5. Be3 b5 6. Qd2 Nd7 7. 0-0-0 Qa5 8. Kb1 Nb6 9. e5 d5 10. Ne4 Qxd2 11. Nexd2 Bg4 12. Be2 f6 13. h3 Be6 14. Nb3 Nd7 15. Bf4 a5 16. Rhe1 Kf7 17. g4 Nh6 18. g5 Nf5 19. gxf6 exf6 20. exf6 Bxf6 21. Ng5+ Bxg5 22. Bxg5 Rhe8 23. Nc1 Kg7 24. c3 h6 25. Bf4 a4 26. Nd3 Rac8 27. Kc1 Kf7 28. Ne5+ Nxe5 29. Bxe5 Rg8 30. Rd3 Rce8 31. Bg4 Ra8 32. a3 h5 33. Bxf5 Bxf5 34. Rde3 Rge8 35. h4 Re6 36. Bf4 Re4 37. Bg5 Rae8 38. Kd2 R8e6 39. f3 Rxe3 40. Rxe3 Rxe3 41. Kxe3 Ke6 42. Kf4 Kd6 43. Bh6 1/2-1/2

[Event "Miedzyzdroje OB Seniors 24th"]
[Site "Miedzyzdroje"]
[Date "2016.06.25"]
[Round "9"]
[White "Kirmas, Joachim"]
[Black "Solek, Zenon"]
[Result "1-0"]
[WhiteElo "1970"]
[BlackElo "1831"]
[PlyCount "122"]
[EventDate "2016.06.17"]
[EventType "swiss"]
[EventRounds "9"]
[EventCountry "POL"]
[SourceTitle "EXT 2019"]
[Source "ChessBase"]
[SourceDate "2018.10.10"]
[SourceVersion "1"]
[SourceVersionDate "2018.10.10"]
[SourceQuality "1"]

1. e4 d5 2. exd5 Nf6 3. Nc3 Nxd5 4. Bc4 Nf6 5. Nf3 Nc6 6. h3 e5 7. 0-0 Bd6 8. Re1 0-0 9. d3 h6 10. a3 a6 11. Ne4 Be6 12. Bxe6 fxe6 13. Be3 Nd5 14. Qd2 Nxe3 15. Rxe3 Ne7 16. Qc3 Nd5 17. Qb3 Qe7 18. Ree1 b6 19. Nxd6 cxd6 20. d4 Nf4 21. dxe5 d5 22. Re3 Qc5 23. Rae1 Qa5 24. Qc3 Qc5 25. Nd4 Rfe8 26. Kh2 Rac8 27. Qd2 Qe7 28. Rg3 Rf8 29. c3 Rf7 30. Rf3 Qh4 31. Ne2 Nxg2 32. Rxf7 Nxe1 33. Rf4 Rc4 34. Rxh4 Nf3+ 35. Kg3 Nxd2 36. Rxc4 Nxc4 37. Nf4 Kf7 38. Nd3 g5 39. h4 Kg6 40. f3 Kf5 41. h5 Nxe5 42. Nb4 a5 43. Nc2 Nd3 44. b3 Nf4 45. Nd4+ Kf6 46. Kg4 Nd3 47. a4 e5 48. Nc6 Ke6 49. b4 axb4 50. cxb4 Kd7 51. b5 Ke6 52. Nd8+ Ke7 53. Nb7 Kf6 54. a5 bxa5 55. b6 Nc5 56. Nxa5 Na6 57. b7 Nb8 58. Nb3 Ke6 59. Nc5+ Kd6 60. Nd3 e4 61. fxe4 dxe4 1-0

[Event "Miedzyzdroje OB Seniors 24th"]
[Site "Miedzyzdroje"]
[Date "2016.06.22"]
[Round "6"]
[White "Kirmas, Joachim"]
[Black "Krueger, Peter"]
[Result "1-0"]
[WhiteElo "1970"]
[BlackElo "1802"]
[PlyCount "48"]
[EventDate "2016.06.17"]
[EventType "swiss"]
[EventRounds "9"]
[EventCountry "POL"]
[SourceTitle "EXT 2019"]
[Source "ChessBase"]
[SourceDate "2018.10.10"]
[SourceVersion "1"]
[SourceVersionDate "2018.10.10"]
[SourceQuality "1"]

1. e4 c5 2. c3 g6 3. d4 cxd4 4. cxd4 d6 5. Nf3 Bg7 6. Nc3 a6 7. Bc4 Nf6 8. 0-0 0-0 9. Bb3 Nc6 10. h3 Na5 11. Bc2 Bd7 12. Re1 Nc6 13. Be3 e6 14. Qd2 Rc8 15. Rad1 d5 16. e5 Ne8 17. Nh2 f5 18. h4 Qxh4 19. g3 Qh3 20. Ne2 f4 21. Nxf4 Rxf4 22. Bxf4 Ne7 23. Bd3 Nf5 24. Bf1 Qh5 1-0

[Event "MVP-ch Seniors op 15th"]
[Site "Binz"]
[Date "2015.11.30"]
[Round "7.6"]
[White "Neese, Hans Joachim"]
[Black "Kirmas, Joachim"]
[Result "1-0"]
[WhiteElo "2032"]
[BlackElo "1796"]
[PlyCount "101"]
[EventDate "2015.11.24"]
[EventType "swiss"]
[EventRounds "9"]
[EventCountry "GER"]
[SourceTitle "EXT 2017"]
[Source "ChessBase"]
[SourceDate "2016.10.25"]
[SourceVersion "1"]
[SourceVersionDate "2016.10.25"]
[SourceQuality "1"]

1. d4 Nf6 2. c4 e5 3. d5 Bc5 4. Nc3 0-0 5. a3 Re8 6. e3 a5 7. g3 Bf8 8. Bg2 d6 9. Nge2 Bf5 10. e4 Bg6 11. 0-0 Nbd7 12. f3 h6 13. Be3 Nh7 14. Qc2 Be7 15. Bf2 Rf8 16. g4 h5 17. Ng3 hxg4 18. fxg4 Bh4 19. Qe2 Bxg3 20. Bxg3 Nc5 21. Qe3 Qg5 22. Qxg5 Nxg5 23. Rae1 f6 24. h4 Nh7 25. Nb5 Rac8 26. Re3 Be8 27. b4 axb4 28. axb4 Na6 29. Rb1 Bd7 30. Bf3 Rfe8 31. Be2 g5 32. h5 Kg7 33. Bf2 Kf7 34. Rc3 Bxb5 35. cxb5 Nb8 36. Ra1 f5 37. gxf5 Nf6 38. Rc4 Rh8 39. Ra7 Nxh5 40. Rxb7 Kf6 41. Rcxc7 Rcf8 42. Rb6 Rd8 43. Bc5 Nf4 44. Bf1 g4 45. Bxd6 Nd7 46. Rbc6 Nh3+ 47. Bxh3 gxh3 48. Bc5+ Kf7 49. Kh2 Ke8 50. Re6+ Kf7 51. Re7+ 1-0

[Event "MVP-ch Seniors op 15th"]
[Site "Binz"]
[Date "2015.11.29"]
[Round "6.17"]
[White "Kirmas, Joachim"]
[Black "Petzold, Hans"]
[Result "1-0"]
[WhiteElo "1796"]
[BlackElo "1920"]
[PlyCount "53"]
[EventDate "2015.11.24"]
[EventType "swiss"]
[EventRounds "9"]
[EventCountry "GER"]
[SourceTitle "EXT 2017"]
[Source "ChessBase"]
[SourceDate "2016.10.25"]
[SourceVersion "1"]
[SourceVersionDate "2016.10.25"]
[SourceQuality "1"]

1. e4 e6 2. d4 d5 3. e5 c5 4. c3 Nc6 5. Nf3 Qb6 6. a3 Bd7 7. Be2 c4 8. 0-0 Na5 9. Nbd2 Nb3 10. Nxb3 Ba4 11. Nfd2 f5 12. exf6 Nxf6 13. Bh5+ Kd8 14. Re1 cxb3 15. Bg4 Nxg4 16. Qxg4 Bd7 17. Nf3 Bd6 18. Qxg7 Kc7 19. Ne5 Bxe5 20. Qxe5+ Kc6 21. Bf4 Kb5 22. a4+ Ka6 23. Qe2+ Ka5 24. c4 Qa6 25. Qd2+ Kb6 26. Qb4+ Kc6 27. Qd6# 1-0

[Event "MVP-ch Seniors op 15th"]
[Site "Binz"]
[Date "2015.11.24"]
[Round "1.70"]
[White "Gottschalk, Juergen"]
[Black "Kirmas, Joachim"]
[Result "0-1"]
[WhiteElo "1327"]
[BlackElo "1796"]
[PlyCount "68"]
[EventDate "2015.11.24"]
[EventType "swiss"]
[EventRounds "9"]
[EventCountry "GER"]
[SourceTitle "EXT 2017"]
[Source "ChessBase"]
[SourceDate "2016.10.25"]
[SourceVersion "1"]
[SourceVersionDate "2016.10.25"]
[SourceQuality "1"]

1. e4 e5 2. Nf3 Nc6 3. Bc4 Nf6 4. d3 Be7 5. Nc3 0-0 6. 0-0 d6 7. h3 Na5 8. Bb3 c6 9. Bd2 Nxb3 10. axb3 h6 11. Qc1 Nh7 12. Be3 a6 13. Ne2 f5 14. exf5 Bxf5 15. Ng3 Bxh3 16. Nh2 Bd7 17. c4 Bg5 18. Ne4 Bxe3 19. Qxe3 Bf5 20. Nf3 Bxe4 21. dxe4 Rf4 22. Rfd1 Qe7 23. Rd2 Nf6 24. Re1 Rxe4 25. Qd3 Rxe1+ 26. Nxe1 Rd8 27. Qf5 Qd7 28. Qg6 Qg4 29. Qc2 e4 30. f3 exf3 31. Nxf3 Qe4 32. Qd1 Qe3+ 33. Kf1 Ne4 34. Qe1 Nxd2+ 0-1